Statistics for Most popular second languages

Click here to take the quiz!

General Stats

  • This quiz has been taken 36 times
  • The average score is 7 of 10

Answer Stats

HintAnswer% Correct
2French
100%
4Spanish
100%
1English
97%
9Italian
91%
8Portuguese
88%
6Arabic
84%
3Russian
84%
10Quechua
9%
5Creole
6%
7Kurdish
3%

Score Distribution

Percentile by Number Answered

Percent of People with Each Score

Your Score History

You have not taken this quiz